LEADER 00819nam a2200193 i 4500 001 000000230777 003 CaOOAMICUS 005 20140618000000.0 008 140618s1781 it u000 u ita u 013 $a209679 026 $ai-na ieo- o-he sebu (3) 1781 (R) 040 $aSeMil$bita 245 10$aTomo 9. Parte 2. 300 $a138 [i.e. 238], [2] p. 500 $aP. 236-238 erron. num. 136-138. - Segn. : A-P8. 773 0 $aMésenguy, François-Philippe <1677-1763>$tCompendio dell'istoria e della morale dell'Antico Testamento con spiegazioni e riflessi. Traduzione dal francese.$dIn Vicenza : Appresso Antonio Veronese, 1777-1781.$g9$w()30084 850 $aSeMil 852 $aSeMil$W1$xVenegono$y1$m2W I 23 FA$j181123$B181123$CSeMilBibl$Z2$F191890 $8I 996 $6245$aTomo 9. Parte 2$9(OLS)http://semarc/title/329692 LEADER 01076nam a2200265 i 4500 001 000000248975 003 CaOOAMICUS 005 20160426000000.0 008 160426s1988 it u000 u ita u 013 $a227880 020 $a88-04-32162-8 040 $aSeMil$bita 100 1 $aForattini, Giorgio,$d<1931-2025>.$0(OLS)http://semarc/name/54137 245 13$aIl kualunquista /$cGiorgio Forattini. 260 $aMilano :$bArnoldo Mondadori Editore,$c1988. 300 $a303 p. :$bin gran parte ill. ;$c22 cm. 490 0 $aBiblioteca umoristica Mondadori 650 4$aSatira politica.$0(OLS)http://semarc/subject/25818 830 0$aBiblioteca umoristica Mondadori.$0(OLS)http://semarc/title/24970 850 $aSeMil 852 $aSeMil$W1$xVenegono$y1$m3M II 454$j257266$B199321$CSeMilBibl$Z2$F211665 $81 961 $aLascito: Calori don Carlo 996 $6020$a88-04-32162-8$9(OLS)http://semarc/number/258911 996 $6245$aIl kualunquista$9(OLS)http://semarc/title/351244 996 $6260$aMilano :$bArnoldo Mondadori Editore$9(OLS)http://semarc/publisher/30056